000 00720nam a2200229Ia 4500
003 GCL
008 140319s9999 xx 000 0 ara d
040 _aGCL /
_cGCL
082 0 4 _aم
_b530.03
_bا م
100 1 _aاحمد امين عبدالمجيد
245 1 0 _aمعجم الطاقة انجليزى - فرنسى - عربى /
_cاحمد امين عبدالمجيد
260 _a[S.N] :
_bاكاديميا ،
_c1993
300 _a576 ص
650 0 4 _aاللغة الفرنسية
650 0 4 _aاللغة العربية
650 0 4 _aالمعاجم
650 0 4 _aالفيزياء
650 0 4 _aاللغة الانجليزية
650 0 4 _aالطاقة
650 0 4 _aالمصطلحات
942 _2ddc
_cREF
999 _c59564
_d59564